00339nam a22000977a 4500008004100000082001500041110005600056245005000112260007100162300000800233230704b xxu||||| |||| 00| 0 eng d a364.1bAPN bAfrican Parliamentarians network Against Corruption aNew Challenge in the Fight Against Corruption aNaironibAfrican Parliamentarians network Against Corruptionc2003 a61p